| 000 | 00551nam#a2200205#c#4500 | ||
|---|---|---|---|
| 003 | IEF | ||
| 005 | 20180219153825.0 | ||
| 008 | 941031s1977 uuu####fr####| 0||u| |u | ||
| 040 | _aIEF | ||
| 100 | 1 |
_aQuadrado Nieto, José María _936511 |
|
| 245 | _aRecuerdos y bellezas de España : Asturias y León | ||
| 260 |
_aSalinas _b Ayalga _c1977 |
||
| 300 |
_aVI, 460 p. _b lam. _c30 cm. |
||
| 500 | _aEd. facsímil de la del 1855 | ||
| 650 | 4 |
_aASTURIAS _932214 |
|
| 650 | 4 |
_aCASTILLA Y LEON _933553 |
|
| 942 | _cLIB | ||
| 942 | _z3531 | ||
| 999 |
_c35524 _d35524 |
||